| 000 | 01031na a2200253 4500 | ||
|---|---|---|---|
| 001 | 16818 | ||
| 003 | MIRAKIL | ||
| 005 | 20181213154843.0 | ||
| 008 | 161108b tu 000 0 | ||
| 035 | _a16818 | ||
| 040 |
_aMilas _btur _cTR-AnCHP |
||
| 041 | _atur | ||
| 082 |
_a307.1216 _bK35 1979 |
||
| 090 | _a307.1216 K35 1979 | ||
| 111 |
_aKentlinin Sağlığı ve İhtiyaçları Açısından Büyük İstanbul'un Yeşilalan Sorunları Ulusal Sempozyumu _cİstanbul _d1978 |
||
| 245 |
_aKentlinin sağlığı ve ihtiyaçları açısından büyük İstanbul'un yeşilalan sorunları ulusal sempozyumu _b22-24 Kasım 1978 _cİstanbul Üniversitesi Orman Fakültesi |
||
| 260 |
_aİstanbul _bİstanbul Üniversitesi Orman Fakültesi Yayınları _c1979 |
||
| 300 |
_a426 s. _bres.; hrt. _c24 sm. |
||
| 440 |
_aİstanbul Üniversitesi yayınları _v2587 |
||
| 490 |
_aOrman Fakültesi yayınları _v270 |
||
| 650 |
_aYeşil alan _yToplantılar _zİstanbul |
||
| 650 |
_aKent planlaması _yToplantılar _zİstanbul |
||
| 942 |
_2dcc _cBKS |
||
| 999 |
_c2039 _d2039 |
||